Strach a tréma v školských situáciách

Gespeichert in:
Bibliographische Detailangaben
1. Verfasser: Patáčik, Branislav (Verfasst von)
Weitere Verfasser: Bustinová, Ľudmila, 1946- (xxx)
Format: Manuskript Buch
Veröffentlicht: STU v Bratislave MTF UIPH KIPP, 2010
Tags: Tag hinzufügen
Keine Tags, Fügen Sie das erste Tag hinzu!

MARC

LEADER 00000ntm a22000003a 4500
001 stu221069
005 20160719160222.2
008 110209s2010----------------------------d
040 |a STU  |b slo 
041 0
100 1 |a Patáčik, Branislav  |4 aut 
245 1 |a Strach a tréma v školských situáciách 
260 |b STU v Bratislave MTF UIPH KIPP,  |c 2010 
300 |a 49 s 
700 1 |a Bustinová, Ľudmila,  |d 1946-  |4 xxx  |u M220  |U MTF Ústav inžinierskej pedagogiky a humatitných vied  |T MTF Katedra inžinierskej pedagogiky a psychológie  |X 283  |U M220  |Y M220  |7 A000000283 
996 |c M*ZP-645  |l MMSKP  |s P  |a 0  |w stu221069_0001